000 00513nam a22001937a 4500
005 20251108165325.0
008 250721s2007 xx 000 0 ara d
082 1 4 _aط/ق/شوا
100 1 _aالشوا، ناهد
245 1 0 _aالوعد /
250 _aط2.
264 1 _aعمان :
_bالمؤلفة،
_c2007.
300 _a22ص.
490 0 _aآندي
650 1 7 _aالقصص القصيره
653 _aاطفال ما قبل المدرسه (0-5) سنوات
942 _2ddc
_cBK
999 _c25108
_d25108